Environmental Security and Sustainable Development / (Record no. 753873)
[ view plain ]
| 000 -LEADER | |
|---|---|
| fixed length control field | 00478nam a22001577a 4500 |
| 020 ## - INTERNATIONAL STANDARD BOOK NUMBER | |
| ISBN | 9789388854894 |
| 082 ## - DEWEY DECIMAL CLASSIFICATION NUMBER | |
| Edition number | 23 |
| Classification number | 363.70526 |
| Item number | ABI |
| 245 ## - TITLE STATEMENT | |
| Title | Environmental Security and Sustainable Development / |
| Statement of responsibility, etc | Edited by Murtaza Abid ... [et al.] |
| 260 ## - PUBLICATION, DISTRIBUTION, ETC. (IMPRINT) | |
| Place of publication | New Delhi : |
| Name of publisher | DPH , |
| Year of publication | 2022 . |
| 300 ## - PHYSICAL DESCRIPTION | |
| Number of Pages | 226p |
| 504 ## - BIBLIOGRAPHY, ETC. NOTE | |
| Bibliography, etc | Include Bibliography and Index |
| 650 ## - SUBJECT ADDED ENTRY--TOPICAL TERM | |
| Topical Term | Sustainable Development |
| 700 ## - ADDED ENTRY--PERSONAL NAME | |
| Personal name | Abid , Murtaza |
| 942 ## - ADDED ENTRY ELEMENTS (KOHA) | |
| Source of classification or shelving scheme | Dewey Decimal Classification |
| Koha item type | Book |
| Withdrawn status | Lost status | Source of classification or shelving scheme | Damaged status | Not for loan | Home Library | Current Location | Date acquired | Full call number | Accession Number | Price effective from | Koha item type |
|---|---|---|---|---|---|---|---|---|---|---|---|
| Dewey Decimal Classification | Dept. of Environmental Sciences | Dept. of Environmental Sciences | 28/11/2025 | 363.70526 ABI | ES2511 | 28/11/2025 | Book |
